[Event "Osen I"]
[Site "Alushta UKR"]
[Date "2003.09.17"]
[Round "4"]
[White "Tishin,D"]
[Black "Drozdovskij,Y"]
[Result "0-1"]
[WhiteElo "2310"]
[BlackElo "2458"]

1.d4 d5 2.c4 c6 3.Nf3 Nf6 4.Qc2 dxc4 5.Qxc4 Bf5 6.Nc3 e6 7.e3 h6 8.Be2 Nbd7
9.O-O Be7 10.Qb3 Qb6 11.Qxb6 axb6 12.a3 b5 13.Bd2 O-O 14.Rfe1 Rfd8 15.Bf1 Ne4
16.Nxe4 Bxe4 17.Bc3 Nb6 18.Nd2 Bg6 19.Nb3 Na4 20.Rec1 e5 21.Ba5 Rd5 22.Bb4 Bf6
23.Bc3 exd4 24.Nxd4 Nxc3 25.bxc3 Be7 26.e4 Rdd8 27.Nf5 Bxa3 28.Rd1 Bc5 29.Rxa8 Rxa8
30.Rd7 Ra4 31.Rxb7 Rxe4 32.Ng3 Rf4 33.Nh1 Ra4 34.Rc7 Be4 35.Ng3 Bd5 36.Bxb5 cxb5  0-1

[Event "zt 2.4"]
[Site "Sao Paulo BRA"]
[Date "2003.09.20"]
[Round "2"]
[White "Disconzi da Silva,R"]
[Black "Leitao,R"]
[Result "1/2-1/2"]
[WhiteElo "2377"]
[BlackElo "2550"]

1.d4 d5 2.Nf3 Nf6 3.c4 c6 4.Qb3 dxc4 5.Qxc4 Bf5 6.g3 e6 7.Bg2 Be7 8.O-O Nbd7
9.Nc3 O-O 10.e3 b5 11.Qe2 b4 12.Na4 Qa5 13.b3 Qb5 14.Re1 Qxe2 15.Rxe2 Bd3
16.Rd2 Bb5 17.Bb2 Rac8 18.Rc1 Rc7 19.Rdc2 Rfc8 20.Nc5 Nxc5 21.dxc5 Nd7 22.Nd4 Ba6
23.Bf1 Bxf1 24.Kxf1 Rb7 25.f4 g6 26.Kf2 a5 27.Kf3 Nb8 28.h4 h5 29.e4 Rd7
30.Ke3 Rcd8 31.Rc4 Bf8 32.R1c2 Bg7 33.Nf3 f6 34.Rd4 Kf7  1/2-1/2

[Event "Osen I"]
[Site "Alushta UKR"]
[Date "2003.09.21"]
[Round "8"]
[White "Tishin,D"]
[Black "Danielian,E"]
[Result "0-1"]
[WhiteElo "2310"]
[BlackElo "2400"]

1.d4 d5 2.c4 dxc4 3.Nf3 c6 4.e3 Be6 5.Nc3 b5 6.Ng5 Bd7 7.a4 Nf6 8.axb5 cxb5
9.d5 g6 10.Qd4 Bg7 11.Rxa7 Nh5 12.Qc5 Na6 13.Rxa8 Qxa8 14.Qb6 O-O 15.Be2 h6
16.Nf3 b4 17.Nd1 Rc8 18.e4 Nc5 19.Qxb4 Nxe4 20.O-O Nd6 21.Nc3 Nf6 22.Rd1 Bf5
23.Ne1 Rb8 24.Qc5 Nfe4 25.Nxe4 Bxe4 26.Bf4 Rb5 27.Qc6 Qxc6 28.dxc6 Rc5 29.Bxd6 exd6
30.Rxd6 Bxb2 31.f3 Bxc6 32.Rd8+ Kg7 33.Rc8 Bd4+ 34.Kf1 Bd5 35.Rxc5 Bxc5 36.Nc2 Kf6
37.Ke1 Ke5 38.Kd2 Bg1 39.Nb4 Be6 40.Nc6+ Kd6 41.Na5 Kc5 42.h3 Bd5 43.Kc3 Bd4+
44.Kc2 Kb4  0-1

[Event "ch-IRI"]
[Site "Mashad IRI"]
[Date "2003.09.26"]
[Round "4"]
[White "Akbarinia,S"]
[Black "Khaghani,M"]
[Result "1-0"]
[WhiteElo "2278"]
[BlackElo "2212"]

1.d4 d5 2.c4 c6 3.Nf3 Nf6 4.Qc2 Bg4 5.Nbd2 e6 6.g3 Be7 7.Bg2 Nbd7 8.O-O O-O
9.e4 dxe4 10.Nxe4 Nxe4 11.Qxe4 Nf6 12.Qe3 c5 13.dxc5 Rc8 14.b4 b6 15.cxb6 axb6
16.Ne5 Bxb4 17.Nc6 Rxc6 18.Bxc6 Bc5 19.Qd2 Qc7 20.Bg2 Rd8 21.Qc2 Bf5 22.Qb3 Bd3
23.Rd1 Bxf2+ 24.Kh1 Bd4 25.Qxd3 Ng4 26.Rd2 Bf6 27.Qe2 Rxd2 28.Bxd2 Bxa1 29.Qxg4 f5
30.Qe2 e5 31.Bd5+ Kh8 32.Qf1  1-0

[Event "2nd League TCh-SCG"]
[Site "Belgrade SCG"]
[Date "2003.09.27"]
[Round "1"]
[White "Pavlovic,Drago"]
[Black "Grbic,M"]
[Result "0-1"]
[WhiteElo "2230"]
[BlackElo "2293"]

1.d4 d5 2.Nf3 Nf6 3.c4 c6 4.Nbd2 Bf5 5.g3 h6 6.Bg2 e6 7.O-O Bd6 8.Re1 O-O
9.Qb3 Qc7 10.Nh4 Bh7 11.e4 dxe4 12.Nxe4 Nxe4 13.Bxe4 Bxe4 14.Rxe4 b6 15.Rg4 Kh8
16.c5 bxc5 17.dxc5 Be5 18.Nf3 Nd7 19.Nxe5 Qxe5 20.Qe3 Rfd8 21.Rd4 Qf6 22.Bd2 Nxc5
23.Bc3 Qg5 24.f4 Qf5 25.Rad1 Rxd4 26.Qxd4 f6 27.Qd6 Rc8 28.Bd4 Nb7 29.Qd7 Rd8
30.Qxb7 Qc2 31.Re1 Rxd4 32.Qc8+ Kh7 33.Qxe6 Rd2 34.Qe4+ Qxe4 35.Rxe4 Rxb2
36.Ra4 Rb7 37.Kf2 Kg6 38.Ke3 Kf5 39.Kd4 Kg4 40.Kc5 Kh3 41.Kxc6 Rf7 42.f5 Kxh2
43.g4 Kg3 44.Rb4 a5 45.Ra4 Re7 46.Rxa5 Kxg4 47.a4 Re4 48.Ra7 Kxf5 49.a5 g5
50.a6 g4 51.Rb7 Ra4 52.a7 g3 53.Rb5+ Kg6 54.Kb7 h5 55.a8=Q Rxa8 56.Kxa8 h4
57.Rb8 Kf5 58.Kb7 g2 59.Rg8 h3 60.Kc6  0-1

[Event "Tatry Open"]
[Site "Tatranske Zruby SVK"]
[Date "2003.09.27"]
[Round "1"]
[White "Priehoda,V"]
[Black "Veselovsky,J"]
[Result "1-0"]
[WhiteElo "2372"]
[BlackElo "2046"]

1.d4 d5 2.c4 c6 3.Nf3 Nf6 4.Qb3 dxc4 5.Qxc4 Bf5 6.Nc3 e6 7.g3 Be7 8.Bg2 O-O
9.O-O Nbd7 10.a4 a5 11.Nh4 Nb6 12.Qb3 Bg4 13.h3 Bh5 14.g4 Nfd5 15.gxh5 Bxh4
16.e4 Nb4 17.Be3 Kh8 18.Rad1 Qc7 19.f4 Rad8 20.f5 exf5 21.Rxf5 Rd7 22.Kh1 Nc8
23.e5 Nb6 24.Rdf1 Re7 25.Ne4 N6d5 26.Bd2 b6 27.Qf3 Nc2 28.Qg4 Nxd4 29.Qxh4 Nxf5
30.Rxf5 Rxe5 31.Rxe5 Qxe5 32.Nc3 Nb4 33.h6 g6 34.Ne4 Nd5 35.Nf6 Qxf6 36.Bc3  1-0

[Event "Osen II"]
[Site "Alushta UKR"]
[Date "2003.09.28"]
[Round "3"]
[White "Nalbandian,T"]
[Black "Sumets,A"]
[Result "1/2-1/2"]
[WhiteElo "2478"]
[BlackElo "2473"]

1.d4 d5 2.Nf3 Nf6 3.c4 c6 4.Qc2 dxc4 5.Qxc4 Bf5 6.g3 e6 7.Bg2 Nbd7 8.O-O Nb6
9.Qb3 Qd5 10.Nbd2 Qxb3 11.Nxb3 Be4 12.Ne5 Bxg2 13.Kxg2 Nfd7 14.Nxd7 Nxd7
15.e4 Bd6 16.Rd1 Bc7 17.Bg5 h6 18.Be3 Bb6 19.a4 a6 20.Rac1 Nf6 21.f3 O-O-O
22.Bf4 Nh5 23.Be3 Nf6 24.g4 e5 25.a5 exd4 26.Bxd4 Bxd4 27.Nxd4 Rd7 28.Nf5 g6
29.Rxd7 Nxd7 30.Nd6+ Kc7 31.Nc4 Re8 32.Rd1 Ne5 33.Nb6 Rd8 34.Rxd8 Kxd8 35.h4 Ke7
36.g5 hxg5 37.hxg5 Kd6 38.Kg3  1/2-1/2

[Event "7th Itau Cup"]
[Site "Sao Paulo BRA"]
[Date "2003.09.28"]
[Round "2"]
[White "De Souza,M"]
[Black "Da Silva,T"]
[Result "1-0"]
[WhiteElo "2361"]
[BlackElo "2101"]

1.d4 d5 2.c4 c6 3.Nf3 Nf6 4.Qc2 e6 5.Bg5 Nbd7 6.e3 Be7 7.Nbd2 O-O 8.Bd3 b6
9.cxd5 cxd5 10.Ne5 h6 11.Nc6 Qe8 12.Bf4 Nh5 13.Nxe7+ Qxe7 14.Bg3 Nxg3 15.hxg3 Nf6
16.Rc1 Bb7 17.Qa4 Rfc8 18.O-O a5 19.Nf3 Rxc1 20.Rxc1 Rc8 21.Rxc8+ Bxc8 22.Qc6 Qb7
23.Qd6 g6 24.Ne5 Kg7 25.Bb5 Ne4 26.Qd8 f6 27.Bc6 Qa7 28.Qxc8 fxe5 29.Qxe6  1-0

[Event "ECC Women"]
[Site "Rethymnon GRE"]
[Date "2003.09.29"]
[Round "2"]
[White "Lomineishvili,M"]
[Black "Jiretorn,E"]
[Result "1-0"]
[WhiteElo "2409"]
[BlackElo "2146"]

1.d4 d5 2.c4 c6 3.Nf3 dxc4 4.e3 Be6 5.a4 Nf6 6.Na3 g6 7.Bxc4 Bxc4 8.Nxc4 Bg7
9.O-O O-O 10.b3 c5 11.Ba3 cxd4 12.Nxd4 Re8 13.Rc1 Na6 14.Nb5 Qxd1 15.Rfxd1 b6
16.Ne5 Ne4 17.Nc6 e6 18.Ncxa7 Bf8 19.Bxf8 Rxf8 20.Nc6 Nec5 21.b4 Ne4 22.f3 Nf6
23.e4 Kg7 24.Nd6 h5 25.Nc4 Nxb4 26.Nxb4 Rxa4 27.Rb1 b5 28.Ne5 Rc8 29.Nbc6 Ra6
30.Nd4 Ra5 31.Rdc1 Rxc1+ 32.Rxc1 b4 33.Nec6 Ra4 34.Rb1 h4 35.Nxb4 Nh5 36.Ne2 g5
37.Kf2 Kg6 38.Nd3 Ra5 39.Rb7 f6 40.Rb6 e5 41.Nc3 Nf4 42.Nb4 Ra3 43.Ncd5 Nh5
44.g4 hxg3+ 45.hxg3 g4 46.fxg4 Nxg3 47.Nxf6 Kg5 48.Nbd5 Kh4 49.Rb8 Ra2+ 50.Kf3 Ra3+
51.Kf2 Ra2+ 52.Ke3 Ra3+ 53.Kd2 Ra2+ 54.Kc3 Ra4 55.Rh8+ Kg5 56.Rg8+ Kh4 57.g5 Nxe4+
58.Nxe4 Rxe4 59.g6 Kg5 60.g7 Kg6 61.Ne7+ Kf7 62.Rf8+ Kxg7 63.Rf5 Re1 64.Kd3 e4+
65.Kd2 Ra1 66.Ke3 Ra4 67.Nc6 Kg6 68.Rf1 Kg5 69.Nd4 Ra8 70.Ne6+ Kg6 71.Kxe4 Ra4+
72.Nd4 Rb4 73.Ke5 Ra4 74.Nc6 Ra2 75.Ne7+ Kg7 76.Nf5+ Kf7 77.Nd6+ Ke7 78.Rf7+ Kd8
79.Nc4 Ke8 80.Rb7 Kf8 81.Ke6 Kg8 82.Nd6 Ra6 83.Ke5 Kf8 84.Rc7 Kg8 85.Rd7 Rb6
86.Kf6 Ra6 87.Kg6 Kf8 88.Kf6 Kg8 89.Ke6 Kf8 90.Rc7 Kg8 91.Rb7 Kf8 92.Rd7 Kg8
93.Kf6 Rc6 94.Kg6 Kf8 95.Rf7+ Kg8 96.Rf6 Rc1 97.Ne4 Rc7 98.Ng5 Rg7+ 99.Kh6 Ra7
100.Rg6+ Kh8 101.Re6 Ra8 102.Rb6 Rc8 103.Ra6 Rb8 104.Rg6 Rb7 105.Re6 Rb8
106.Re7 Kg8 107.Rg7+  1-0

[Event "ECC Women"]
[Site "Rethymnon GRE"]
[Date "2003.09.30"]
[Round "3"]
[White "Javakhishvili,L"]
[Black "Petrenko,S"]
[Result "1/2-1/2"]
[WhiteElo "2393"]
[BlackElo "2346"]

1.c4 Nf6 2.Nf3 c6 3.d4 d5 4.Qc2 g6 5.Bf4 Nbd7 6.e3 Bg7 7.Nc3 dxc4 8.Bxc4 Nb6
9.Be2 O-O 10.O-O Be6 11.Rfd1 Nbd5 12.Bg3 Bf5 13.Qc1 Nxc3 14.bxc3 Ne4 15.Bh4 Qa5
16.c4 Nc3 17.Qd2 Qa3 18.Rdc1 Nxe2+ 19.Qxe2 Rfe8 20.e4 Bg4 21.Qe3 Qa6 22.e5 Bxf3
23.gxf3 Rad8 24.Rc2 Rd7 25.Rd1 e6 26.Bg5 Qa4 27.Rdd2 Qb4 28.Qb3 Bf8 29.Qxb4 Bxb4
30.Rd3 a6 31.Rb3 Bf8 32.Be3 b5 33.cxb5 cxb5 34.Rbc3 a5 35.Rc8 Rdd8 36.R8c7 Re7
37.Rxe7 Bxe7 38.Rc7 Bb4 39.Rb7 h6 40.Bxh6 Rxd4 41.Bg5 Bd2 42.Bf6 g5 43.Rxb5 Kh7
44.Rb8 Bf4 45.h4 gxh4 46.Rh8+ Kg6 47.Rxh4 a4 48.Kg2 Kf5 49.Rh5+ Kg6 50.Rh8 Kf5
51.Rh5+ Kg6 52.Rh4 Kf5 53.Rh5+ Kg6 54.Rh4 Rc4 55.Kh3 Kf5 56.Rh5+ Kg6 57.Rh4 Rd4
58.Kg2 Kf5  1/2-1/2

[Event "ECC Women"]
[Site "Rethymnon GRE"]
[Date "2003.09.30"]
[Round "3"]
[White "Demina,J"]
[Black "Johansson,V"]
[Result "1-0"]
[WhiteElo "2335"]
[BlackElo "2167"]

1.d4 d5 2.c4 c6 3.Nf3 dxc4 4.e3 Be6 5.Nbd2 Qa5 6.Be2 Nf6 7.O-O Nbd7 8.Nxc4 Bxc4
9.Bxc4 e6 10.Qc2 c5 11.Bd2 Qb6 12.Rac1 Be7 13.Rfd1 cxd4 14.Nxd4 O-O 15.Be2 Rac8
16.Qb1 Nc5 17.b4 Nce4 18.Be1 a6 19.a4 Nd6 20.a5 Qa7 21.b5 axb5 22.Nxb5 Nxb5
23.Qxb5 Nd5 24.Bf3 Bc5 25.Bxd5 exd5 26.Rxd5 Bxe3 27.Rxc8 Rxc8 28.Qd7 Bxf2+
29.Kf1 Qa6+ 30.Kxf2 Rf8 31.Bb4 Qf6+ 32.Ke3 Rb8 33.Qe7 Qh6+ 34.Ke2 Qa6+ 35.Kd2 Qh6+
36.Kd1 f6 37.Rd8+ Rxd8+ 38.Qxd8+ Kf7 39.Qe7+ Kg6 40.Qe8+ Kf5 41.h3 Qh4 42.g4+ Kf4
43.Bd6+ Kg5 44.Qe3+ Kg6 45.Qe4+ Kf7 46.Qe7+ Kg6 47.Bf4 h6 48.Qe4+ Kf7 49.Qxb7+ Kg6
50.Qf3 f5 51.gxf5+ Kh7 52.a6 Qd8+ 53.Ke2 Qd7 54.Qe4 Kh8 55.Qe6 Qa4 56.Bd2 h5
57.f6 gxf6 58.Qxf6+ Kg8 59.Qe6+ Kg7 60.Bc3+ Kf8 61.Qf5+ Ke8 62.Qxh5+ Kf8
63.Qf3+ Ke8 64.Qe3+ Kf8 65.a7 Qc2+ 66.Bd2 Qc4+ 67.Kf2 Qh4+ 68.Kg2  1-0

[Event "Osen II"]
[Site "Alushta UKR"]
[Date "2003.10.01"]
[Round "7"]
[White "Tishin,D"]
[Black "Sumets,A"]
[Result "0-1"]
[WhiteElo "2310"]
[BlackElo "2473"]

1.d4 d5 2.c4 c6 3.Nf3 Nf6 4.Qc2 dxc4 5.Qxc4 Bf5 6.g3 e6 7.Bg2 Nbd7 8.Nc3 Be7
9.O-O O-O 10.e3 b5 11.Qe2 b4 12.Na4 Qa5 13.b3 Qb5 14.Re1 Rac8 15.Bb2 Bd3
16.Qd1 Rfd8 17.Rc1 Qa6 18.Bf1 Bxf1 19.Rxf1 c5 20.Nd2 Nd5 21.dxc5 Nxc5 22.Qg4 g6
23.Nxc5 Bxc5 24.Rxc5 Rxc5 25.Qd4 Rc3 26.Bxc3 bxc3 27.Nc4 Rc8 28.e4 Nb6 29.Qxc3 Nxc4
30.bxc4 Qxc4 31.Qxc4 Rxc4 32.f3 Ra4 33.Rf2 Kg7 34.Rd2 Kf6 35.Kf2 g5 36.g4 Kg6
37.Kg3 h5 38.gxh5+ Kxh5 39.h3 f5 40.exf5 exf5 41.f4 Ra3+ 42.Kg2 g4 43.hxg4+ Kxg4
44.Kf2 Kxf4 45.Rc2 Kg4 46.Kg2 f4 47.Rb2 a5 48.Rc2 a4 49.Kf1 Rf3+ 50.Kg2 Rd3
51.Kf2 a3 52.Ke1 Rh3 53.Rg2+ Rg3 54.Rc2 Rg1+ 55.Kf2 Rb1 56.Rc3 Rb2+ 57.Kf1 Rxa2
58.Rb3 Ra1+ 59.Kg2 a2 60.Ra3 f3+ 61.Kf2 Rh1 62.Ra4+ Kf5 63.Ra5+ Ke6  0-1

[Event "ECC Women"]
[Site "Rethymnon GRE"]
[Date "2003.10.02"]
[Round "5"]
[White "Javakhishvili,L"]
[Black "Mashinskaya,I"]
[Result "1-0"]
[WhiteElo "2393"]
[BlackElo "2183"]

1.d4 d5 2.c4 c6 3.Nf3 dxc4 4.e3 Be6 5.a4 Nf6 6.Na3 c5 7.Bxc4 Bxc4 8.Nxc4 cxd4
9.Qxd4 Nc6 10.Qxd8+ Rxd8 11.Ke2 e6 12.b3 Bb4 13.Bb2 O-O 14.Nd4 Nxd4+ 15.Bxd4 a6
16.Rac1 Nd5 17.Rhd1 f6 18.e4 Nf4+ 19.Kf3 e5 20.Bb6 Rd3+ 21.Rxd3 Nxd3 22.Rd1 Nc5
23.Bxc5 Bxc5 24.Rd5 Rc8 25.Rd7 b5 26.axb5 axb5 27.Ne3 b4 28.Nf5 Bf8 29.Rxg7+ Kh8
30.Rg3 Rc3+ 31.Kg4 Rc2 32.Rf3 Bc5 33.Kg3 Kg8 34.Nh6+ Kg7 35.Ng4 Rc3 36.Kh4 Be7
37.Kh5 Rc2 38.Ne3 Re2 39.Nf5+ Kf8 40.Ng3 Ra2 41.Kg4 Kf7 42.Kf5 Bc5 43.Nh5 Bxf2
44.Nxf6 Bd4 45.Nxh7 Rxg2 46.Ng5+ Ke7 47.h4 Rh2 48.Rh3 Rf2+ 49.Kg6 Bc3 50.Rf3 Rg2
51.h5 Bd2 52.Rf5 Kd6 53.h6 Rh2 54.h7 Bxg5 55.Rxg5  1-0

[Event "Osen II"]
[Site "Alushta UKR"]
[Date "2003.10.04"]
[Round "12"]
[White "Shtyrenkov,V"]
[Black "Bakre,T"]
[Result "1/2-1/2"]
[WhiteElo "2514"]
[BlackElo "2434"]

1.d4 d5 2.c4 c6 3.Nf3 Nf6 4.Qc2 dxc4 5.Qxc4 Bf5 6.Nc3 Nbd7 7.g3 e6 8.Bg2 Be7
9.O-O O-O 10.a3 Nb6 11.Qb3 Ne4 12.Re1 Nxc3 13.bxc3 Be4 14.Nd2 Bxg2 15.Kxg2 c5
16.Nf3 cxd4 17.cxd4 Qd5 18.Qxd5 exd5 19.a4 Bb4 20.Bd2 Bxd2 21.Nxd2 Rfc8 22.Ra2 Nc4
23.Rb1 Nd6 24.e3 b6 25.a5 b5 26.a6 Rab8 27.Nb3 Ne4 28.Rbb2 Nc3 29.Ra5 Na4
30.Rb1 Nc3 31.Rc1 f6 32.Kf1 Kf7 33.Ke1 Ke7 34.f3 Rc4 35.Nd2 Rcc8 36.Nb1 Nxb1
37.Rxb1 b4 38.Kd2 Kd6 39.Rc1 b3 40.Rxc8 Rxc8 41.Rb5 Rc2+ 42.Kd3 Rxh2 43.Rxb3 Ra2
44.Rb7 Rxa6 45.Rxg7 Ra3+ 46.Kd2 Ra2+ 47.Kd3 Ra3+ 48.Kd2 Ra2+  1/2-1/2

[Event "ECC Women"]
[Site "Rethymnon GRE"]
[Date "2003.10.04"]
[Round "7"]
[White "Javakhishvili,L"]
[Black "Stjazhkina,O"]
[Result "0-1"]
[WhiteElo "2393"]
[BlackElo "2359"]

1.d4 d5 2.Nf3 Nf6 3.c4 c6 4.Qc2 dxc4 5.Qxc4 Bf5 6.g3 e6 7.Bg2 Nbd7 8.Nc3 Be7
9.Qb3 Qb6 10.Nd2 O-O 11.Nc4 Qxb3 12.axb3 Bb4 13.Bf4 Ne4 14.Rc1 g5 15.Be3 h6
16.O-O Ndf6 17.f3 Nd6 18.Bd2 Nd7 19.e4 Bg6 20.Rfd1 f6 21.Be3 Nf7 22.Na2 Be7
23.Na5 Rab8 24.b4 Nb6 25.Nb3 Nd6 26.Bf1 f5 27.e5 Ne8 28.b5 Nd5 29.Bd2 Nec7
30.bxc6 bxc6 31.Bc4 f4 32.g4 Ne3 33.Bxe3 fxe3 34.Kg2 Nd5 35.Re1 e2 36.Bxd5 cxd5
37.Rc3 Rb5 38.Rxe2  0-1

[Event "Open"]
[Site "Winterthur SUI"]
[Date "2003.10.06"]
[Round "4"]
[White "Salzgeber,F"]
[Black "Tukmakov,V"]
[Result "0-1"]
[WhiteElo "2159"]
[BlackElo "2562"]

1.d4 d5 2.c4 c6 3.Nf3 dxc4 4.e3 Be6 5.Nc3 b5 6.Ng5 Bd7 7.a4 e6 8.Nf3 Nf6
9.Be2 Bb4 10.O-O O-O 11.Ne5 Nd5 12.Qc2 Be8 13.e4 Nc7 14.Rd1 f6 15.Ng4 a5
16.Bf3 Nba6 17.axb5 cxb5 18.e5 Bg6 19.Qe2 f5 20.Bxa8 Qxa8 21.Ne3 f4 22.Nf1 f3
23.gxf3 Bh5 24.Nd2 Nd5 25.Nxd5 Qxd5 26.Qe3 Nb8 27.Qg5 Rf5 28.Qh4 Nc6  0-1

[Event "Open"]
[Site "Winterthur SUI"]
[Date "2003.10.08"]
[Round "6"]
[White "Kappeler,K"]
[Black "Tukmakov,V"]
[Result "0-1"]
[WhiteElo "2029"]
[BlackElo "2562"]

1.d4 d5 2.c4 c6 3.Nf3 dxc4 4.e3 Be6 5.Nc3 b5 6.a4 b4 7.Ne4 Nf6 8.Ned2 Bd5
9.Bxc4 e6 10.O-O Nbd7 11.Qe2 c5 12.e4 Bxc4 13.Nxc4 cxd4 14.e5 Nd5 15.Bg5 Qb8
16.Nxd4 Bc5 17.Nb5 O-O 18.Nbd6 Bd4 19.Rad1 Bxe5 20.Nxe5 Qxd6 21.Nxd7 Qxd7
22.a5 a6 23.Qg4 Rab8 24.Bh6 f5 25.Qg3 Rb5 26.Bd2 Qe7 27.Bg5 Qf7 28.Qd6 Rxa5
29.Rfe1 Re8 30.Bd8 Ra2 31.g3 Rxb2 32.Qe5 Nc3 33.Rd6 Ra2 34.Qd4 Nb5  0-1

[Event "Open"]
[Site "Winterthur SUI"]
[Date "2003.10.08"]
[Round "6"]
[White "Haas,C"]
[Black "Starostits,I"]
[Result "0-1"]
[WhiteElo "2211"]
[BlackElo "2431"]

1.d4 d5 2.c4 c6 3.Nf3 dxc4 4.Nc3 b5 5.a4 b4 6.Na2 e6 7.e3 Ba6 8.Ne5 Qd5 9.f3 c5
10.Bd2 cxd4 11.Nxc4 dxe3 12.Nxe3 Qb7 13.Nc4 Nf6 14.Rc1 Nc6 15.Qe2 Nd5 16.Nd6+ Bxd6
17.Qxa6 Qxa6 18.Bxa6 Na5 19.Ke2 Ke7 20.Rcd1 Rab8 21.g3 Be5 22.Bb5 Bd6 23.Nc1 Rhc8
24.Bd3 Nc4 25.Bxc4 Rxc4 26.Nb3 Rbc8 27.Rc1 Nb6 28.Na5 Rxc1 29.Rxc1 Rxc1 30.Bxc1 Nxa4
31.Kd3 Kd7 32.Kc4 a6 33.Kb3 Nb6 34.Nb7 Be7 35.Bd2 Kc6 36.Bxb4 Bxb4 37.Nd8+ Kd7  0-1

[Event "2nd It"]
[Site "Klaksvik FAI"]
[Date "2003.10.09"]
[Round "5"]
[White "Bjarnason,S"]
[Black "Simonsen,H"]
[Result "1-0"]
[WhiteElo "2284"]
[BlackElo "2240"]

1.d4 d5 2.c4 c6 3.Nf3 Nf6 4.Qc2 e6 5.g3 Nbd7 6.Nbd2 Be7 7.Bg2 O-O 8.O-O b6
9.b3 Bb7 10.Bb2 Qc7 11.cxd5 exd5 12.Rac1 Rfe8 13.Rfd1 Bd6 14.e3 Rac8 15.Ne1 Nf8
16.Nd3 Ng6 17.b4 Qe7 18.Qb3 Ba6 19.a3 h5 20.Nf4 Nxf4 21.exf4 Qd7 22.Nf3 Bc4
23.Qc2 Re2 24.Rd2 Rxd2 25.Nxd2 b5 26.Nf3 Qc7 27.Ne5 a5 28.Bc3 axb4 29.Bxb4 c5
30.dxc5 Bxc5 31.h3 Bxb4 32.axb4 Qd6 33.Qf5 Ra8 34.g4 hxg4 35.hxg4 Qe7 36.g5 Ne8
37.Nxc4 bxc4 38.Bxd5 Rb8 39.g6 Kf8 40.Qh5 Qd6 41.gxf7 Nf6 42.Qh8+ Ke7 43.Qxg7 Rf8
44.Re1+ Kd7 45.Be6+ Ke7 46.Bg4+ Kd8 47.Rd1  1-0

[Event "Open"]
[Site "Winterthur SUI"]
[Date "2003.10.09"]
[Round "7"]
[White "Remensberger,P"]
[Black "Haas,C"]
[Result "0-1"]
[WhiteElo "2077"]
[BlackElo "2211"]

1.d4 d5 2.c4 c6 3.Nf3 Nf6 4.g3 Bf5 5.cxd5 Bxb1 6.Rxb1 Qxd5 7.Ra1 Nbd7 8.Qb3 Qxb3
9.axb3 g6 10.Bg2 Bg7 11.O-O O-O 12.b4 Nd5 13.Bd2 Rfd8 14.Bc3 e5 15.b5 cxb5
16.dxe5 Nxc3 17.bxc3 Nc5 18.Nd4 Bxe5 19.e3 a6 20.Rab1 Rac8 21.Rfc1 Rc7 22.c4 b4
23.Rd1 a5 24.Bd5 Bxd4 25.exd4 Na4 26.Ra1  0-1

[Event "Open"]
[Site "Winterthur SUI"]
[Date "2003.10.10"]
[Round "8"]
[White "Leutwyler,M"]
[Black "Lehmann,A"]
[Result "1-0"]
[WhiteElo "2184"]
[BlackElo "2089"]

1.d4 d5 2.Nf3 Nf6 3.c4 c6 4.Qc2 e6 5.g3 Bd6 6.Bg2 O-O 7.O-O Nbd7 8.Nbd2 b6
9.e4 dxe4 10.Nxe4 Nxe4 11.Qxe4 Bb7 12.Ne5 Nf6 13.Qf3 Rc8 14.Bf4 Qc7 15.Rfe1 Ba8
16.c5 Bxe5 17.Bxe5 Qd8 18.Bxf6 Qxf6 19.Qxf6 gxf6 20.cxb6 axb6 21.Rac1 Rfd8
22.Red1 Rd6 23.Kf1 Rcd8 24.Ke2 Bb7 25.Bf3 f5 26.Ke3 f6 27.Be2 e5 28.dxe5 fxe5
29.Rxd6 Rxd6 30.Rd1 Rxd1 31.Bxd1 Kf7 32.b4 b5 33.f4 Kf6 34.fxe5+ Kxe5 35.Bf3 h6
36.Bg2 Ba8 37.Bf3 Bb7 38.a3 Ba8 39.Bg2 Bb7 40.Bh1 Kd6 41.Kf4 Bc8 42.Bg2 c5
43.bxc5+ Kxc5 44.Ke5 Bd7 45.Bf1 Kc6 46.h4 Kc7 47.Bd3 Kb6 48.Bxf5 Bxf5 49.Kxf5 Ka5
50.g4 Ka4 51.g5 hxg5 52.hxg5 Kxa3 53.g6 b4 54.g7 b3 55.g8=Q b2 56.Qa8+ Kb3
57.Qb7+ Kc2 58.Qc6+ Kd2 59.Qd5+ Kc2 60.Qc4+ Kd2 61.Qb3 Kc1 62.Qc3+ Kb1 63.Ke4 Ka2
64.Qc2  1-0

[Event "EuTCh w"]
[Site "Plovdiv BUL"]
[Date "2003.10.15"]
[Round "5"]
[White "Prudnikova,S"]
[Black "Hennings,M"]
[Result "1-0"]
[WhiteElo "2412"]
[BlackElo "2023"]

1.Nf3 d5 2.d4 c6 3.c4 dxc4 4.e3 b5 5.a4 e6 6.b3 Bb4+ 7.Bd2 Bxd2+ 8.Nfxd2 a5
9.axb5 cxb5 10.bxc4 b4 11.c5 Ne7 12.Bb5+ Bd7 13.Qa4 O-O 14.Nc4 Bxb5 15.Qxb5 Nbc6
16.O-O Qc7 17.Nbd2 Nd5 18.Nb6 Ra7 19.Na4 Rb8 20.Qd3 Qb7 21.Rfb1 Qb5 22.Nc4 h6
23.Qb3 Kf8 24.Rd1 Rd8 25.Ra2 Qb8 26.Rad2 Rad7 27.f3 Qc7 28.g3 g6 29.Kg2 e5
30.Nd6 Nf6 31.d5 Na7 32.Ne4 Ne8 33.Nb6 f5 34.Nxd7+ Qxd7 35.c6 Qc7 36.Nc5 Ng7
37.Nb7 Rb8 38.d6 Qxc6 39.d7  1-0

[Event "300 Years"]
[Site "St Petersburg RUS"]
[Date "2003.10.18"]
[Round "1"]
[White "Slavina,I"]
[Black "Vysochin,S"]
[Result "1/2-1/2"]
[WhiteElo "2399"]
[BlackElo "2584"]

1.d4 d5 2.c4 c6 3.Nf3 Nf6 4.Qc2 Bg4 5.Nbd2 e6 6.g3 Nbd7 7.Bg2 Be7 8.O-O O-O
9.b3 Bf5 10.Qd1 Ne4 11.Bb2 a5 12.a3 b5 13.cxb5 cxb5 14.Ne5 Nxe5 15.dxe5 Qb6
16.Rc1 Bc5 17.Nxe4 dxe4 18.e3 Rac8 19.Qe2  1/2-1/2

[Event "300 Years"]
[Site "St Petersburg RUS"]
[Date "2003.10.21"]
[Round "4"]
[White "Lugovoi,A"]
[Black "Slavina,I"]
[Result "1-0"]
[WhiteElo "2553"]
[BlackElo "2399"]

1.d4 d5 2.c4 c6 3.Nf3 dxc4 4.e3 Be6 5.Nc3 b5 6.a4 b4 7.Ne4 Nf6 8.Nxf6+ exf6
9.Be2 Be7 10.O-O O-O 11.Nd2 c3 12.bxc3 bxc3 13.Ne4 Bb4 14.Qc2 Nd7 15.Nxc3 c5
16.Rb1 Nb6 17.Ne4 Rc8 18.Nxc5 Bxc5 19.dxc5 Nc4 20.Rb7 Qd5 21.Rxa7 Qxc5 22.Rb7 Rfd8
23.Qb1 Qa5 24.Qb4 Qf5 25.Qb1 Qa5 26.Qb4 Qf5 27.h3 Qc2 28.Bf3 Ra8 29.Rb5 Rxa4
30.Rb8 Bc8 31.Qc5 h5 32.Rxc8 Rxc8 33.Qxc8+ Kh7 34.Bd1  1-0

[Event "Classics II GM"]
[Site "Gausdal NOR"]
[Date "2003.10.22"]
[Round "2"]
[White "Quinn,M"]
[Black "Kulaots,K"]
[Result "1/2-1/2"]
[WhiteElo "2411"]
[BlackElo "2530"]

1.d4 Nf6 2.c4 c6 3.Nf3 d5 4.Qb3 dxc4 5.Qxc4 Bf5 6.g3 e6 7.Bg2 Nbd7 8.Nc3 Be7
9.O-O O-O 10.e3 Ne4 11.Rd1 Qa5 12.Ne1 Nxc3 13.bxc3 e5 14.Qb3 Rab8 15.Bd2 Bf6
16.e4 Bg4 17.f3 Bh5 18.Nc2 Rfd8 19.Kh1 h6 20.a4 Qa6 21.g4 Bg6 22.Bf1 Qa5
23.Be1 h5 24.h3 Nf8 25.c4 Qc7 26.d5 Be7 27.Bf2 c5 28.Qe3 Nd7 29.Bd3 Qd6 30.Rg1 Kh7
31.g5 Qb6 32.h4 Rf8 33.a5 Qc7 34.a6 bxa6 35.Rxa6 Rb6 36.Rga1 Rxa6 37.Rxa6 Rb8
38.Qc1 Rb3 39.Ra3 Qb6 40.Rxb3 Qxb3 41.Qa3 Qb7 42.Na1 f6 43.gxf6 gxf6 44.Nb3 Bd6
45.Kg1 Kg8 46.Nxc5 Nxc5 47.Bxc5 Bxc5+ 48.Qxc5 Qb3 49.Be2 Qb1+ 50.Kf2 Qh1
51.d6 Qxh4+ 52.Ke3 Qe1 53.Qd5+ Bf7 54.d7 Bxd5 55.d8=Q+ Kg7 56.Qxd5 h4 57.c5 h3
58.Qd7+ Kf8 59.Qxh3 Qc3+ 60.Kf2 Qxc5+ 61.Kg3 a5 62.Qh6+ Kf7 63.Qh5+ Kf8 64.Kg4 Qc8+
65.Qf5 Qc6 66.Qh7 Qc2 67.Bf1 Qc1 68.Qh8+ Kf7 69.Qh5+ Kg7 70.Kg3 Qxf1 71.Qg4+  1/2-1/2

[Event "300 Years"]
[Site "St Petersburg RUS"]
[Date "2003.10.22"]
[Round "5"]
[White "Burmakin,V"]
[Black "Vysochin,S"]
[Result "1/2-1/2"]
[WhiteElo "2590"]
[BlackElo "2584"]

1.d4 d5 2.Nf3 Nf6 3.c4 c6 4.Qb3 g6 5.Bf4 dxc4 6.Qxc4 Bg7 7.Nbd2 Bf5 8.Qb3 Qb6
9.e3 O-O 10.Bc4 Nbd7 11.Ne5 Nxe5 12.Bxe5 Ne4 13.Qxb6 axb6 14.Bxg7 Kxg7 15.Nxe4 Bxe4
16.f3 Bf5 17.Ke2 Ra4 18.Bb3 Ra5 19.Rhd1 Rfa8 20.Rac1 Be6 21.Bxe6 fxe6 22.a3 b5
23.Kd3 Ra4 24.Kc3 Rd8 25.Kc2 Rd5 26.Rd3 g5 27.Kd2  1/2-1/2

[Event "WYb14"]
[Site "Halkidiki GRE"]
[Date "2003.10.23"]
[Round "1"]
[White "Lee Wei Cheng"]
[Black "Banusz,T"]
[Result "0-1"]
[WhiteElo "2044"]
[BlackElo "2361"]

1.d4 d5 2.Nf3 Nf6 3.c4 c6 4.Nbd2 Bf5 5.e3 e6 6.Be2 Nbd7 7.O-O Bd6 8.b3 O-O
9.Bb2 Qb8 10.Re1 a5 11.c5 Bc7 12.Nf1 b6 13.Ng3 Bg6 14.cxb6 Bd6 15.Bd3 Qxb6
16.Ne5 c5 17.dxc5 Nxc5 18.Nxg6 hxg6 19.Bxf6 gxf6 20.Rc1 f5 21.Ne2 Ne4 22.Bxe4 fxe4
23.a4 Ba3 24.Rb1 Bb4 25.Rf1 Rfd8 26.Qd4 Qxd4 27.Nxd4 Rdc8 28.Rfc1 Ba3 29.Rxc8+ Rxc8
30.Kf1 Kg7 31.f3 Bc1 32.Kf2 Rc3 33.Nb5 Rc2+ 34.Kg3 Bxe3 35.fxe4 dxe4 36.Rf1 e5
37.Nd6 Bf4+ 38.Kh3 e3  0-1

[Event "300 Years"]
[Site "St Petersburg RUS"]
[Date "2003.10.23"]
[Round "6"]
[White "Feoktistov,A"]
[Black "Deviatkin,A"]
[Result "1/2-1/2"]
[WhiteElo "2435"]
[BlackElo "2509"]

1.d4 d5 2.c4 c6 3.Nf3 Nf6 4.Qc2 dxc4 5.Qxc4 Bf5 6.Nc3 e6 7.g3 Nbd7 8.Bg2 Be7
9.O-O O-O 10.Qb3 Qb6 11.Qd1 Rfd8 12.Qe1 Ne4 13.Bd2 Nxd2 14.Qxd2 e5 15.d5 Bf6
16.e4 Bg6 17.Rfe1 a5 18.Qc2 Rac8 19.Rad1 Qc5 20.Qb3 Nb6 21.Bh3 Ra8 22.dxc6 bxc6
23.Rxd8+ Rxd8 24.Rd1 Rxd1+ 25.Qxd1 Nc4 26.Qe2 Nd6 27.Nd2 h6 28.Qd3 Qd4 29.Bf1 Be7
30.Nb3 Qb4 31.Qa6 a4 32.Qa8+ Kh7 33.Qxa4 Nxe4 34.Qxc6 Nxc3 35.Qxc3 Qxc3 36.bxc3 Ba3
37.Nd2 Bb2 38.c4 Bc3 39.Nb3 Bb1 40.Nc1 e4 41.c5 Kg8 42.c6 Be5 43.Bc4 Kf8
44.a4 Ke7 45.Kf1 f5 46.Ke2 Kd6 47.Bb5 Bd4 48.a5 Ba7 49.a6 Kc7 50.Kd2 Bxf2
51.Kc3 Ba7 52.Kb2 Bd3 53.Nxd3 exd3 54.Kc3 Bg1 55.Kxd3 Kb6 56.h3 Bf2 57.g4 fxg4
58.hxg4 Kc7 59.Ke4 Kd6 60.Kf5 Ba7 61.Kg6 Bd4 62.Kf7 Kc7 63.Ba4 Kd6 64.Ke8 Kc7
65.Ke7 Ba7 66.Ke6 Bb6 67.Kd5 Ba7 68.Bc2 Bb6  1/2-1/2

[Event "Ralston IM"]
[Site "San Francisco USA"]
[Date "2003.10.25"]
[Round "1"]
[White "De Guzman,R"]
[Black "Evans,Be"]
[Result "1-0"]
[WhiteElo "2417"]
[BlackElo "2262"]

1.d4 d5 2.c4 c6 3.Nf3 Nf6 4.Qc2 g6 5.Bf4 Bf5 6.Qb3 Qb6 7.e3 Qxb3 8.axb3 Nbd7
9.Nc3 dxc4 10.bxc4 Nh5 11.Bg5 h6 12.Bh4 g5 13.Bg3 Nxg3 14.hxg3 Bg7 15.Kd2 a6
16.Bd3 Bxd3 17.Kxd3 f5 18.Kc2 Rc8 19.b4 e5 20.dxe5 Nxe5 21.Nxe5 Bxe5 22.Ra5 Bd6
23.Rxf5 Bxb4 24.Rxg5 Kf7 25.Rgh5 Kg7 26.Ne2 Rcf8 27.Nf4 Rf7 28.g4 Bd6 29.Ne6+ Kg8
30.f4 Rf6 31.f5 Rh7 32.Kd3 b5 33.c5 Bf8 34.e4 Rd7+ 35.Kc2 Rxe6 36.fxe6 Rd4
37.Re5 Rc4+ 38.Kd3 Be7 39.Rxh6 a5 40.Reh5 Bxc5 41.Rg6+ Kf8 42.Rh7 Rd4+ 43.Ke2 Ke8
44.Rg8+ Bf8 45.Rf7  1-0